|
|
|
|
| LEADER |
01368nam a22003254a 4500 |
| 001 |
7617 |
| 003 |
BD-DhAAL |
| 005 |
20151007100739.0 |
| 008 |
151007s2002 nju 000 0beng |
| 010 |
|
|
|a 2002068956
|
| 020 |
|
|
|a 9780470170410
|
| 020 |
|
|
|a 047126153X (cloth : alk. paper)
|
| 040 |
|
|
|a DLC
|c DLC
|d DLC
|d BD-DhAAL
|
| 050 |
0 |
0 |
|a GV865.R6
|b S57 2002
|
| 082 |
0 |
0 |
|a 796.357/092
|2 21
|
| 100 |
1 |
|
|a Simon, Scott.
|9 15180
|
| 245 |
1 |
0 |
|a Jackie Robinson and the integration of baseball /
|c Scott Simon.
|
| 246 |
1 |
7 |
|a Jackie Robinson
|
| 260 |
|
|
|a Hoboken, N.J. :
|b J. Wiley & Sons,
|c c2002.
|
| 300 |
|
|
|a vii, 168 p. ;
|c 21 cm.
|
| 490 |
1 |
|
|a Turning points
|
| 541 |
|
|
|e 7617
|
| 600 |
1 |
0 |
|a Robinson, Jackie,
|d 1919-1972.
|9 15181
|
| 650 |
|
0 |
|a Baseball players
|z United States
|v Biography.
|9 13540
|
| 650 |
|
0 |
|a Discrimination in sports
|z United States
|x History.
|9 15182
|
| 830 |
|
0 |
|a Turning points (John Wiley & Sons)
|9 15183
|
| 942 |
|
|
|2 ddc
|c BK
|
| 999 |
|
|
|c 35699
|d 35699
|
| 952 |
|
|
|0 0
|1 0
|2 ddc
|4 0
|6 796_357000000000000_092_SIM
|7 0
|9 56149
|a SCL
|b SCL
|c GEN
|d 2015-10-07
|e Gift: The Asia Foundation
|l 1
|m 4
|o 796.357092 SIM
|p 3020007617
|r 2019-07-08
|s 2019-05-26
|t 1
|w 2015-10-07
|y BK
|
| 952 |
|
|
|0 0
|1 0
|2 ddc
|4 0
|6 796_357092000000000_SIM
|7 0
|9 56519
|a BRACUL
|b BRACUL
|c GEN
|d 2015-10-31
|e BIL
|l 0
|o 796.357092 SIM
|p 3010030122
|r 2015-10-31
|t 2
|w 2015-10-31
|y BK
|x Transferred from BIL to BRACUL on 06/06/22
|